000
00327nam a22001337a 4500
008
170524b xxu||||| |||| 00| 0 eng d
020
_a
4710660-X
041
_a
eng
080
_a
621
100
_a
26
101
_a
IM
245
_a
FUNDAMENTALS OF TEMPERATURE PRESSURE, AND FLOW MEASUREMENTS
_c
BENEDICT, R.P
942
_2
udc
_c
BK
999
_c
14126
_d
14126